| 000 | 00969nam a2200229 i 4500 | ||
|---|---|---|---|
| 001 | 181041 | ||
| 003 | ES-MaACL | ||
| 005 | 20240102124105.0 | ||
| 008 | 121005s2011 sp | |||||||| | spa d | ||
| 020 | _a978-84-938172-1-3 | ||
| 080 | _a615 | ||
| 100 | 1 |
_aBasante Pol, Rosa. _926249 |
|
| 245 | 1 | 3 |
_aLa farmacia, ayer y hoy : _breflexiones en torno al medicamento y sus profesionales : discurso de la Excma. Sra. Doña Rosa Basante Pol, leído en la sesión del día 28 de abril de 2011 para su ingreso como académica de número y contestación por el Excmo. Sr. D. Francisco Javier Puerto Sarmiento. |
| 260 |
_aMadrid : _bReal Academia Nacional de Farmacia, _c2011. |
||
| 300 |
_a133 p. ; _c24 cm. |
||
| 650 | 7 |
_aFarmacia. _9136083 |
|
| 650 | 7 |
_aMedicamentos. _914884 |
|
| 700 | 0 |
_aPuerto Sarmiento, Francisco Javier, _d1950- _994191 |
|
| 852 |
_aES-MaACL _jA-12255 _9187924 _bR.147192 _cDEPO1 _dOlim: N-5260 |
||
| 942 |
_2udc _cMONOGRAFIA |
||
| 999 |
_c181041 _d181041 |
||